| 000 | 00872nam a2200325 4500 | ||
|---|---|---|---|
| 001 | |||
| 003 | DO-SdBNP | ||
| 005 | 20170120101439.0 | ||
| 007 | |||
| 008 | 850110s2005 sp a 000 spa | ||
| 016 | 7 |
_a _z _2BPMSU |
|
| 017 |
_a _b |
||
| 020 | _a8420468967 | ||
| 035 | _a | ||
| 040 |
_aBPMSU _bspa _cBPMSU _e |
||
| 041 | 1 |
_aspa _h |
|
| 080 | 0 | _a | |
| 100 | 1 |
_aGoscinny, Sempé _d1926-1977. |
|
| 240 | 1 | 3 |
_aLe petit Nicolas _lEspañol |
| 245 | 1 | 3 |
_aEl pequeño Nicolás / _h _cSempé Goscinny ; traducción Miguel Azaola |
| 250 | _a | ||
| 260 |
_aMadrid : _bAlfaguara, _c2005 |
||
| 300 |
_a220 p. : _bil. ; _c19 cm |
||
| 490 | 0 | _a Alfaguara infantil | |
| 700 | 1 |
_c _aSempé, Jean-Jacques _d 1932- |
|
| 700 | 1 |
_aAzaola, Miguel _d _etr. |
|
| 830 | _a Alfaguara infantil | ||
| 942 |
_2ddc _cBK |
||
| 956 |
_aVMATEO _210 _320170120 _6BPMSU _80069 |
||
| 999 |
_c12524 _d12524 |
||